000 00889nam a2200253Ia 4500
003 OSt
005 20220923211051.0
006 a|||||r|||| 00| 0
007 ta
008 220922b |||||||| |||| 00| 0 hin d
020 _a8177140760 (hbk)
024 _a249,591
037 _cTextual
040 _aARTS
_cARTS
_bhin
041 _2hin
_ahin
082 _aO152,1I00:g, P2
100 _aवंशी, बलदेव, संपा.
_9156315
245 0 _aपूरा कबीर
_b संत कवि कबीर पर पूरी किताब
246 _aPūrā kabīra: santa kavi kabīr par pūrī kitāba
260 _aनयी दिल्ली
_b प्रकाशन संस्थान
_c2002
300 _a263पृ.
_ccm.
942 _hO152,1I00:g, P2
_cTEXL
_2CC
999 _c294784
_d294784